000 00700nam a2200241 i 4500
001 C2-0252831
003 PPAK
005 20180727215948.0
008 031207s1967 caua|||| ||||| | eng d
020 _a0716706911
040 _aPPAK
_beng
_cPPAK
_erda
082 0 4 _a611.00222
_223
090 0 0 _a611.00222
_bWIS
_dG
100 1 _aWischnitzer, Saul,
_eauthor
245 1 0 _aAtlas and dissection guide for comparative anatomy
264 1 _aSan Francisco :
_bW. H. Freeman and Co. ,
_c1967
300 _a203 pages :
_billustrations ;
_c28 cm
336 _2rdacontent
_atext
337 _2rdamedia
_aunmediated
338 _2rdacarrier
_avolume
650 1 0 _aHuman anatomy atlases
942 _ddc
_cB
999 _c65818
_d65818